000 00979nac a22002657a 4500
001 BR7800730
003 BR-BrBNA
005 20240105114208.0
008 230509b bl.|||m| |||| 00| 0 por d
040 _aBR-BrBNA
_bpor
_cBiblioteca Nacional de Agricultura
072 _aL00
090 _a5213 BR7800730
110 1 _aEmpresa Brasileira de Pesquisa Agropecuaria, Brasilia, DF;
_93834
110 1 _aEmpresa Brasileira de Assistencia Tecnica e Extensao Rural, Brasilia, DF
_93797
245 1 _aSistema de producao para bovinocultura de corte, Cuiaba [Mato Grosso; Brasil]
260 3 _aCuiaba, MT (Brasil):
_bEmpresa de Assistencia Tecnica e Extensao Rural do Estado de Mato Grosso,
_cJul 1977.
300 _a48 p.
490 _aSistemas de Producao. Boletim (Brazil)
_vno. 85
_xISSN 0100-5359
650 _aGADO DE CORTE
650 _aMANEJO
650 _aCUIABA
650 _aMATO GROSSO
909 _a202312
_bLúcia Elande
_c55
_dLúcia Elande
942 _2AGRIS
_n0
_cMS
999 _c267936
_d267936